00567nam a2200157Ia 4500008004100000041001200041082001600053100000900069245008200078260004700160300000900207650001200216942000700228999001300235952016100248221030s9999 xx 000 0 und d aEnglish a105.23bTri aTRIM 0aThomas Register of Indian Manufacturers Products & Services Vol. IIIcby TRIM bThomas International Pub.aNew Delhic2004 a1864 aGeneral cBK c319d319 pBE 7737hIIIl0o105.23 Trir2022-10-30 00:00:00w2022-10-30yBK003Print40718RaMIETLIBbMIETLIBcBL-Second, FL-1, CUP-70, SH-1, R-1d2005-09-1210HBE